Német-magyar kereskedelmi műszótár a könyvvitel, váltó-üzlet és levelezés körében

Guardado en:
Detalles Bibliográficos
Formato: Libro
Lenguaje:alemán
húngaro
Publicado: Pest Kereskedői Testület 1864
Etiquetas: Agregar Etiqueta
Sin Etiquetas, Sea el primero en etiquetar este registro!

MARC

LEADER 00000nam a2200000 4500
001 0313235
005 20251119112333.9
041 0 |a ger 
041 0 |a hun 
044 |a HU 
245 1 0 |a Német-magyar kereskedelmi műszótár a könyvvitel, váltó-üzlet és levelezés körében 
264 1 |a Pest  |b Kereskedői Testület  |c 1864